000 00677nam a2200229Ia 4500
003 GCL
005 20240530103048.0
008 140319s9999 xx 000 0 ara d
040 _aGCL /
_cGCL
082 0 4 _a709.2
_bع م
100 1 _aعفيف البهنسى
245 1 0 _aميكل انجلو بوناروتى 1564-1475 /
_cعفيف البهنسى
260 _a[S.N] :
_b2000 للثقافة والنشر
300 _a96 ص
490 _aالفن الحديث العالمى
_v0
650 0 4 _aالتراجم
650 0 4 _aالفنون الجميلة
650 0 4 _aالفنانون
650 0 4 _aالفنون
650 0 4 _aمايكل انجلو
942 _2ddc
_cBK
999 _c36525
_d36525